[Event "Robecchetto Spring 11th A"]
[Site "Robecchetto"]
[Date "2014.05.29"]
[Round "7"]
[White "Trenti, Alessandro"]
[Black "Giusti, Francesco"]
[Result "1-0"]
[WhiteElo "1780"]
[BlackElo "1592"]
[PlyCount "47"]
[EventDate "2014.04.10"]
[EventType "swiss"]
[EventRounds "7"]
[EventCountry "ITA"]
[SourceTitle "EXT 2024"]
[Source "ChessBase"]
[SourceDate "2023.10.10"]
[SourceVersion "1"]
[SourceVersionDate "2023.10.10"]
[SourceQuality "1"]

1. e4 c5 2. Nf3 Nc6 3. d4 cxd4 4. Nxd4 e5 5. Nb5 Qa5+ 6. N1c3 Nf6 7. Bd2 Qb6 8. Be3 Qd8 9. Nd6+ Bxd6 10. Qxd6 Qe7 11. Bc5 Qxd6 12. Bxd6 Nd4 13. Bd3 a6 14. Bxe5 Nc6 15. Bd6 b5 16. e5 Nh5 17. Nd5 Ra7 18. 0-0 Bb7 19. Bc5 Nxe5 20. Nc7+ Kd8 21. Bxa7 Kxc7 22. Bd4 Nxd3 23. cxd3 Nf4 24. Be5+ 1-0

[Event "Robecchetto Autunn op 10th"]
[Site "Robecchetto"]
[Date "2013.11.14"]
[Round "6"]
[White "Moroni, Luca"]
[Black "Trenti, Alessandro"]
[Result "1/2-1/2"]
[WhiteElo "1860"]
[BlackElo "1757"]
[PlyCount "20"]
[EventDate "2013.10.03"]
[EventType "swiss"]
[EventRounds "7"]
[EventCountry "ITA"]
[SourceTitle "EXT 2015"]
[Source "ChessBase"]
[SourceDate "2014.11.20"]
[SourceVersion "1"]
[SourceVersionDate "2014.11.20"]
[SourceQuality "1"]

1. Nf3 Nf6 2. d4 d5 3. Bf4 c6 4. c4 e6 5. Nc3 Bd6 6. Bxd6 Qxd6 7. e3 0-0 8. Bd3 dxc4 9. Bxc4 Nbd7 10. 0-0 Nb6 1/2-1/2

[Event "Robecchetto Autunn op 10th"]
[Site "Robecchetto"]
[Date "2013.10.24"]
[Round "4"]
[White "Trenti, Alessandro"]
[Black "Barrera, Pietro"]
[Result "1/2-1/2"]
[WhiteElo "1757"]
[BlackElo "1893"]
[PlyCount "72"]
[EventDate "2013.10.03"]
[EventType "swiss"]
[EventRounds "7"]
[EventCountry "ITA"]
[SourceTitle "EXT 2015"]
[Source "ChessBase"]
[SourceDate "2014.11.20"]
[SourceVersion "1"]
[SourceVersionDate "2014.11.20"]
[SourceQuality "1"]

1. e4 g6 2. d4 Bg7 3. Nf3 d6 4. Be3 Nd7 5. c4 Ngf6 6. Nc3 0-0 7. Bd3 c5 8. h3 b6 9. 0-0 Ne8 10. Qc2 Nc7 11. Rad1 Bb7 12. d5 a6 13. a3 Rb8 14. Rfe1 Bc8 15. Bf4 f6 16. Rb1 Ne5 17. Nxe5 fxe5 18. Bg3 Bd7 19. Qe2 Rf7 20. b3 Ne8 21. Qd2 Nf6 22. Be2 Qc7 23. Rf1 Rbf8 24. Rb2 h6 25. f4 exf4 26. Bxf4 g5 27. Be3 b5 28. cxb5 axb5 29. Rbb1 b4 30. axb4 cxb4 31. Nb5 Bxb5 32. Bxb5 Nxe4 33. Qxb4 Rxf1+ 34. Rxf1 Rxf1+ 35. Bxf1 Qc2 36. Qc4 Nc3 1/2-1/2

[Event "Robecchetto Spring op 10th"]
[Site "Robecchetto"]
[Date "2013.04.18"]
[Round "3"]
[White "Trenti, Alessandro"]
[Black "Barrera, Pietro"]
[Result "1/2-1/2"]
[WhiteElo "1755"]
[BlackElo "1902"]
[PlyCount "69"]
[EventDate "2013.04.04"]
[EventType "swiss"]
[EventRounds "7"]
[EventCountry "ITA"]
[SourceTitle "EXT 2024"]
[Source "ChessBase"]
[SourceDate "2023.10.10"]
[SourceVersion "1"]
[SourceVersionDate "2023.10.10"]
[SourceQuality "1"]

1. e4 g6 2. d4 Bg7 3. c4 d6 4. Nc3 Nd7 5. Be3 b6 6. Be2 Bb7 7. Qc2 e6 8. Nf3 Ne7 9. 0-0 0-0 10. Rfe1 a6 11. Rad1 Qe8 12. Qc1 Nf6 13. Bd3 Ng4 14. Bd2 Nc6 15. h3 Nf6 16. Bh6 Nd7 17. Bxg7 Kxg7 18. a3 Qe7 19. Ne2 Nd8 20. Ng3 f6 21. Nh2 Nf7 22. Ng4 h5 23. Nh2 Nh6 24. Nf3 Qf7 25. Qe3 Rae8 26. Qd2 e5 27. d5 Bc8 28. Nh4 Nc5 29. Bc2 g5 30. Nhf5+ Bxf5 31. Nxf5+ Nxf5 32. exf5 h4 33. b4 Nd7 34. Be4 Rh8 35. Bf3 1/2-1/2

[Event "Robecchetto op "]
[Site "Robecchetto"]
[Date "2012.12.06"]
[Round "1"]
[White "Trenti, Alessandro"]
[Black "Redamante, Marzio"]
[Result "1-0"]
[WhiteElo "1768"]
[BlackElo "1497"]
[PlyCount "51"]
[EventDate "2012.12.06"]
[EventType "swiss"]
[EventRounds "6"]
[EventCountry "ITA"]
[SourceTitle "EXT 2024"]
[Source "ChessBase"]
[SourceDate "2023.10.10"]
[SourceVersion "1"]
[SourceVersionDate "2023.10.10"]
[SourceQuality "1"]

1. e4 c5 2. Nf3 Nc6 3. d4 cxd4 4. Nxd4 g6 5. Be3 Bg7 6. Be2 Nf6 7. Nc3 Qa5 8. 0-0 0-0 9. a3 Rd8 10. Ndb5 a6 11. b4 Nxb4 12. axb4 Qxb4 13. Ra4 Qxa4 14. Nxa4 axb5 15. Nb6 Ra5 16. f3 d6 17. Bd2 Ra6 18. Nxc8 Rxc8 19. Bxb5 Rb6 20. c4 e6 21. Be3 Rxb5 22. cxb5 d5 23. Bd4 dxe4 24. Bxf6 Bxf6 25. fxe4 Rc4 26. Rxf6 1-0

[Event "Robecchetto Spring op 9th"]
[Site "Robecchetto"]
[Date "2012.05.24"]
[Round "7"]
[White "Barrera, Pietro"]
[Black "Trenti, Alessandro"]
[Result "0-1"]
[WhiteElo "1881"]
[BlackElo "1780"]
[PlyCount "108"]
[EventDate "2012.04.12"]
[EventType "swiss"]
[EventRounds "7"]
[EventCountry "ITA"]
[SourceTitle "EXT 2024"]
[Source "ChessBase"]
[SourceDate "2023.10.10"]
[SourceVersion "1"]
[SourceVersionDate "2023.10.10"]
[SourceQuality "1"]

1. d4 d5 2. Nf3 c6 3. c3 Bf5 4. Bf4 Nd7 5. e3 Ngf6 6. Nbd2 e6 7. h3 h6 8. Be2 c5 9. Ne5 Nxe5 10. dxe5 Nd7 11. 0-0 Be7 12. c4 0-0 13. cxd5 exd5 14. Bg4 Bg6 15. Qb3 Nb6 16. Rfd1 Bg5 17. a4 c4 18. Qa2 Bc2 19. Rdc1 Bxa4 20. b3 cxb3 21. Nxb3 Bd7 22. Nc5 Bxg4 23. hxg4 Qe7 24. Bg3 Rfc8 25. Nb3 Rxc1+ 26. Rxc1 Nc4 27. Rd1 Qe6 28. Qe2 Rd8 29. Nd4 Qb6 30. f4 Be7 31. f5 a5 32. Qf3 a4 33. e6 a3 34. Bf4 f6 35. Qh3 Ne5 36. Kf2 a2 37. g5 Bf8 38. Bxe5 fxe5 39. gxh6 gxh6 40. Qg4+ Kh8 41. f6 exd4 42. exd4 Qb2+ 43. Kg3 Bd6+ 44. Kh4 Qf2+ 45. Kh5 Qxf6 46. Qg6 Qf4 47. Qxh6+ Qxh6+ 48. Kxh6 Ra8 49. Ra1 b5 50. Kg6 Kg8 51. g4 b4 52. Kf6 Ra7 53. g5 Be7+ 54. Kf5 b3 0-1

[Event "Robecchetto Spring op 9th"]
[Site "Robecchetto"]
[Date "2012.05.17"]
[Round "6"]
[White "Trenti, Alessandro"]
[Black "Testa, Loris"]
[Result "0-1"]
[WhiteElo "1780"]
[BlackElo "1887"]
[PlyCount "42"]
[EventDate "2012.04.12"]
[EventType "swiss"]
[EventRounds "7"]
[EventCountry "ITA"]
[SourceTitle "EXT 2024"]
[Source "ChessBase"]
[SourceDate "2023.10.10"]
[SourceVersion "1"]
[SourceVersionDate "2023.10.10"]
[SourceQuality "1"]

1. e4 e5 2. Nf3 Nc6 3. Bb5 f5 4. d3 fxe4 5. dxe4 Nf6 6. Bxc6 bxc6 7. Bg5 Bc5 8. 0-0 d6 9. Nc3 a5 10. Re1 0-0 11. a3 Qe8 12. Be3 Bxe3 13. Rxe3 Bg4 14. Qd3 Nh5 15. Ne2 Qg6 16. Kh1 Rf6 17. Rf1 Raf8 18. Ng3 Nf4 19. Qc4+ Kh8 20. Nf5 Bxf3 21. Rg1 Bxg2+ 0-1

[Event "Robecchetto Spring op 9th"]
[Site "Robecchetto"]
[Date "2012.05.10"]
[Round "5"]
[White "Merlotti, Marco"]
[Black "Trenti, Alessandro"]
[Result "1/2-1/2"]
[WhiteElo "1734"]
[BlackElo "1780"]
[PlyCount "90"]
[EventDate "2012.04.12"]
[EventType "swiss"]
[EventRounds "7"]
[EventCountry "ITA"]
[SourceTitle "EXT 2024"]
[Source "ChessBase"]
[SourceDate "2023.10.10"]
[SourceVersion "1"]
[SourceVersionDate "2023.10.10"]
[SourceQuality "1"]

1. d4 d5 2. c4 c6 3. Nc3 Nf6 4. e3 Qc7 5. Nf3 Bf5 6. b3 e6 7. Bd3 Bb4 8. Qc2 Ne4 9. Bd2 Nxd2 10. Qxd2 Qa5 11. Rc1 Bxd3 12. Qxd3 Qxa2 13. Nd2 Qa5 14. 0-0 0-0 15. Ra1 Qc7 16. Rfc1 Nd7 17. cxd5 Bxc3 18. Qxc3 exd5 19. b4 a6 20. Nb3 Rfc8 21. Na5 Qb6 22. Nb3 Rc7 23. Nc5 Nxc5 24. bxc5 Qa7 25. Rcb1 Rb8 26. Qa5 Rbc8 27. Rb6 f5 28. g3 Rf7 29. Rab1 Rcc7 30. Kg2 g5 31. Qd2 h6 32. Qd1 Qa8 33. Qh5 Qf8 34. Qg6+ Qg7 35. Qd6 Kh7 36. Kf1 Rcd7 37. Qb8 Rf8 38. Qa7 Rff7 39. Qb8 Kg6 40. Ke2 Rfe7 41. Rg1 Qf6 42. h4 g4 43. Qg8+ Rg7 44. Qe8+ Rgf7 45. Rgb1 Qe7 1/2-1/2

[Event "Robecchetto Spring op 9th"]
[Site "Robecchetto"]
[Date "2012.04.12"]
[Round "1"]
[White "Ruggeri, Igor"]
[Black "Trenti, Alessandro"]
[Result "1/2-1/2"]
[WhiteElo "1533"]
[BlackElo "1780"]
[PlyCount "153"]
[EventDate "2012.04.12"]
[EventType "swiss"]
[EventRounds "7"]
[EventCountry "ITA"]
[SourceTitle "EXT 2024"]
[Source "ChessBase"]
[SourceDate "2023.10.10"]
[SourceVersion "1"]
[SourceVersionDate "2023.10.10"]
[SourceQuality "1"]

1. d4 d5 2. c4 e6 3. Nc3 a6 4. cxd5 exd5 5. Nf3 Bb4 6. e3 Nf6 7. a3 Ba5 8. Qa4+ c6 9. b4 Bc7 10. b5 0-0 11. g3 cxb5 12. Qc2 Ba5 13. Bg2 Ne4 14. Bd2 Nxd2 15. Nxd2 Be6 16. 0-0 Nc6 17. Rac1 Rc8 18. Qb2 Rc7 19. Nb3 Bb6 20. Ne2 Qe7 21. Nf4 Rfc8 22. Nc5 Bxc5 23. Rxc5 Na5 24. Nxe6 fxe6 25. Rfc1 Nc4 26. Rxc7 Rxc7 27. Qc2 Qd6 28. Qa2 Rc6 29. e4 Nxa3 30. Rxc6 bxc6 31. exd5 exd5 32. Qe2 Qd7 33. Bh3 Qd8 34. Be6+ Kh8 35. Qf3 b4 36. Bd7 Qf6 37. Qe3 g6 38. Qe8+ Kg7 39. Be6 Qxd4 40. Qe7+ Kh6 41. Bg8 Qh8 42. Qf8+ Qg7 43. Qf4+ g5 44. Qd6+ Qg6 45. Qf8+ Qg7 46. Qd6+ Kh5 47. g4+ Kxg4 48. Qg3+ Kf5 49. Qh3+ Ke5 50. Bxh7 Kd6 51. Qf5 Kc5 52. Qd3 Nb5 53. Qc2+ Qc3 54. Qf5 Qe1+ 55. Kg2 Qe4+ 56. Qxe4 dxe4 57. Bxe4 b3 58. f4 gxf4 59. h4 Nd6 60. Bg6 b2 61. h5 Nf7 62. Kf3 Kd6 63. Kxf4 a5 64. Bb1 c5 65. Ke4 a4 66. Kd3 Kd5 67. Kc3 a3 68. Kb3 Kd4 69. Kxa3 Kc3 70. Ka2 c4 71. Bg6 Nh6 72. Kb1 Kb3 73. Bc2+ Ka3 74. Bg6 c3 75. Bc2 Ng4 76. Bg6 Nh6 77. Bc2 1/2-1/2

[Event "Robecchetto Autumn op 8th"]
[Site "Robecchetto"]
[Date "2011.12.01"]
[Round "7"]
[White "Testa, Loris"]
[Black "Trenti, Alessandro"]
[Result "1/2-1/2"]
[WhiteElo "1845"]
[BlackElo "1641"]
[PlyCount "44"]
[EventDate "2011.10.20"]
[EventType "swiss"]
[EventRounds "7"]
[EventCountry "ITA"]
[SourceTitle "EXT 2024"]
[Source "ChessBase"]
[SourceDate "2023.10.10"]
[SourceVersion "1"]
[SourceVersionDate "2023.10.10"]
[SourceQuality "1"]

1. e4 c5 2. Nf3 Nc6 3. d4 cxd4 4. Nxd4 a6 5. Nc3 e6 6. Be2 Nf6 7. Be3 d5 8. exd5 Nxd5 9. Nxd5 Qxd5 10. Bf3 Qa5+ 11. c3 Qc7 12. Nxc6 bxc6 13. a4 a5 14. Qd4 Bb7 15. Bf4 Qc8 16. 0-0 c5 17. Bxb7 Qxb7 18. Qe5 Rd8 19. Rad1 Qb6 20. Rfe1 Rxd1 21. Rxd1 f6 22. Qe4 Be7 1/2-1/2

[Event "Robecchetto Autumn op 8th"]
[Site "Robecchetto"]
[Date "2011.11.03"]
[Round "3"]
[White "Trenti, Alessandro"]
[Black "Grazia, Stefano"]
[Result "0-1"]
[WhiteElo "1641"]
[BlackElo "1500"]
[PlyCount "106"]
[EventDate "2011.10.20"]
[EventType "swiss"]
[EventRounds "7"]
[EventCountry "ITA"]
[SourceTitle "EXT 2024"]
[Source "ChessBase"]
[SourceDate "2023.10.10"]
[SourceVersion "1"]
[SourceVersionDate "2023.10.10"]
[SourceQuality "1"]

1. e4 c5 2. Nf3 d6 3. d4 cxd4 4. Nxd4 a6 5. Nc3 g6 6. Be3 Bg7 7. Be2 e6 8. Qd2 Ne7 9. 0-0 0-0 10. Rad1 b5 11. a3 Bb7 12. Bh6 d5 13. Bxg7 Kxg7 14. f3 Nd7 15. Nb3 Qb6+ 16. Qd4+ Qxd4+ 17. Nxd4 e5 18. Nb3 d4 19. Na2 Rfd8 20. c3 dxc3 21. Nxc3 Nc6 22. Rd6 Nb6 23. Rfd1 Rxd6 24. Rxd6 Rd8 25. Rxd8 Nxd8 26. Nc5 Bc8 27. Kf2 Ne6 28. Nb3 Nf4 29. g3 Nxe2 30. Kxe2 Nc4 31. Nd1 Kf8 32. Nd2 Be6 33. Nxc4 Bxc4+ 34. Kd2 Ke7 35. Ne3 Be6 36. Kc3 Kd6 37. Kb4 f5 38. Ka5 fxe4 39. fxe4 Kc5 40. Nd1 Bc8 41. Nc3 Bb7 42. h3 Kd4 43. Kb6 Bxe4 44. Kxa6 Bd3 45. Kb6 e4 46. a4 bxa4 47. Nxa4 e3 48. Nc3 e2 49. Nxe2+ Bxe2 50. b4 Ke4 51. g4 Kf4 52. b5 Kg3 53. Kc5 Bxb5 0-1